Library Logo

اسلامی فن عمیر / (Record no. 241097)

000 -LEADER
fixed length control field 00451nam a22001697a 4500
003 - CONTROL NUMBER IDENTIFIER
control field BD-DhUL
005 - DATE AND TIME OF LATEST TRANSACTION
control field 20180509115512.0
008 - FIXED-LENGTH DATA ELEMENTS--GENERAL INFORMATION
fixed length control field 180508s1952 ii ||||| |||| 00| 0 urd d
040 ## - CATALOGING SOURCE
Original cataloging agency BD-DhUL
Transcribing agency BD-DhUL
082 ## - DEWEY DECIMAL CLASSIFICATION NUMBER
Classification number 723.3
Item number RII
100 0# - MAIN ENTRY--PERSONAL NAME
Personal name رچمنڈاف
245 2# - TITLE STATEMENT
Title اسلامی فن عمیر /
Statement of responsibility, etc. رچمنڈاف
260 ## - PUBLICATION, DISTRIBUTION, ETC. (IMPRINT)
Place of publication, distribution, etc. دہلی :
Name of publisher, distributor, etc. ٖ،
Date of publication, distribution, etc. ۔۱۹۵۲
300 ## - PHYSICAL DESCRIPTION
Extent ص۔ ۲۳۶ ؛
Dimensions ۲۱ سم۔
650 #0 - SUBJECT ADDED ENTRY--TOPICAL TERM
Topical term or geographic name as entry element Saracenic
942 ## - ADDED ENTRY ELEMENTS (KOHA)
Source of classification or shelving scheme
Koha item type Books
Holdings
Price effective from Date last seen Permanent Location Not for loan Date acquired Source of classification or shelving scheme Koha item type Lost status Withdrawn status Copy number Source of acquisition Collection code Damaged status Shelving location Barcode Current Location Full call number
2018-05-082018-05-08Dhaka University Library 2018-05-08 Books  1purchasedNon Fiction General Stacks486453Dhaka University Library723.3 RII
Last Updated on September 15, 2019
© Dhaka University Library. All Rights Reserved|Staff Login